| 000 | 00769nam a2200289Ia 4500 | ||
|---|---|---|---|
| 008 | 171120s9999 xx 000 0 und d | ||
| 020 | _a9718711139 | ||
| 050 | _a370.1 | ||
| 050 | _bG821 2007 | ||
| 100 | _aGregorio, Herman C. | ||
| 245 | _aPhilosophy of education in Philippine setting / | ||
| 245 | _cby Herman C. Gregorio and Cornelia M. Gregorio. | ||
| 260 | _aPhilippines : | ||
| 260 | _bGarotech, | ||
| 260 | _c2007 | ||
| 300 | _a181 pages : | ||
| 300 | _billustrations ; | ||
| 300 | _c22cm. | ||
| 500 | _aIncludes appendix and index. | ||
| 650 | _aEducation -- | ||
| 650 | _aEducation -- | ||
| 650 | _aEducation. | ||
| 650 | _xPhilippines. | ||
| 650 | _xPhilosophy -- History. | ||
| 700 | _aGregorio, Cornelia M. | ||
| 700 | _aTitle. | ||
| 999 |
_c345386 _d345386 |
||